| 000 | 01014nam a2200325 a 4500 | ||
|---|---|---|---|
| 003 | AR-BaBNM | ||
| 005 | 20251128203602.0 | ||
| 008 | 082120s2002 ||||||||||||||000 | spa|| | ||
| 040 | _cAR-BaBNM | ||
| 100 | 1 | _aAlbrecht, Hellmuth F.G. | |
| 245 | 0 | 0 |
_aTendencias en la literatura alemana desde el naturalismo hasta nuestros días _bel neorromanticismo : la narrativa : la"Heimatkunst". 3 |
| 260 |
_aTucumán _bUniversidad Nacional de Tucumán. Instituto de Lenguas Vivas _c1958 |
||
| 300 |
_a427 p. _bil., mapas |
||
| 500 | _aContiene índice de obras en p. 327 | ||
| 500 | _aIndice de personas y materias en p. 387 | ||
| 650 | 4 | _aESCRITORES | |
| 650 | 4 | _aHISTORIA LITERARIA | |
| 650 | 4 | _aNOVELAS | |
| 650 | 4 | _aCULTURAS LITERARIAS | |
| 650 | 4 | _aCRITICA LITERARIA | |
| 650 | 4 | _aESTILO LITERARIO | |
| 650 | 4 | _aFILOSOFIA LITERARIA | |
| 651 | 4 | _aAlemania | |
| 653 | _aNARRATIVA | ||
| 653 | _aHISTORIETAS | ||
| 653 | _aNEORROMANTICISMO | ||
| 655 | _aLITERATURA | ||
| 942 | _cBK | ||
| 998 | _cMARTIN | ||
| 999 |
_c4014 _d4014 |
||